| 000 | 00741cam a22002413a 4500 | ||
|---|---|---|---|
| 001 | 6553 | ||
| 003 | PGUSA | ||
| 005 | 20140828083134.0 | ||
| 008 | 040901s2004||||xxu|||||s|||||000 1 eng d | ||
| 040 |
_aPGUSA _beng |
||
| 042 | _adc | ||
| 050 | 4 | _aPR | |
| 100 | 1 |
_aHardy, Thomas, _d1840-1928 |
|
| 245 | 1 | 0 |
_aWessex Tales _h[electronic resource] / _cThomas Hardy |
| 260 |
_bProject Gutenberg, _c2004 |
||
| 506 | _aCopyrighted. Read the copyright notice inside this book for details. | ||
| 516 | _aElectronic text | ||
| 653 | _aEngland -- Social life and customs -- 19th century -- Fiction | ||
| 653 | _aWessex (England) -- Fiction | ||
| 830 | 0 |
_aProject Gutenberg _v6553 |
|
| 856 | 4 | 0 | _uhttp://www.gutenberg.org/ebooks/6553 |
| 942 | _cAB | ||
| 999 |
_c235873 _d235873 |
||